Henry Prinsep’s Empire (Record no. 351140)
[ view plain ]
| 000 -LEADER | |
|---|---|
| fixed length control field | 00621nam a2200133Ia 4500 |
| 008 - FIXED-LENGTH DATA ELEMENTS--GENERAL INFORMATION | |
| fixed length control field | 171212s9999 xx 000 0 und d |
| 020 ## - INTERNATIONAL STANDARD BOOK NUMBER | |
| International Standard Book Number | 9781925021608 |
| 100 ## - MAIN ENTRY--PERSONAL NAME | |
| Personal name | Allbrook, Malcolm |
| 245 ## - TITLE STATEMENT | |
| Statement of responsibility, etc | Allbrook, Malcolm |
| Title | Henry Prinsep’s Empire |
| 260 ## - PUBLICATION, DISTRIBUTION, ETC. (IMPRINT) | |
| Name of publisher, distributor, etc | ANU E Press |
| Date of publication, distribution, etc | 2014 |
| 650 ## - SUBJECT ADDED ENTRY--TOPICAL TERM | |
| Topical term or geographic name as entry element | History |
| 650 ## - SUBJECT ADDED ENTRY--TOPICAL TERM | |
| Topical term or geographic name as entry element | Prinsep, Henry Charles 1844-1922; East India Company; Artists -- Western Australia -- Biography; Civil service -- Officials and employees -- Biography; Western Australia -- Social life and customs -- 19th century; India -- Social life and customs -- 19th |
| 856 ## - ELECTRONIC LOCATION AND ACCESS | |
| Uniform Resource Identifier | <a href="http://www.jstor.org/stable/j.ctt13wwvzc">http://www.jstor.org/stable/j.ctt13wwvzc</a> |
| Withdrawn status | Lost status | Damaged status | Home library | Current library | Date acquired | Total Checkouts | Date last seen | Price effective from | Koha item type |
|---|---|---|---|---|---|---|---|---|---|
| College Library | College Library | 12/12/2017 | 12/12/2017 | 12/12/2017 | Curriculum - Based eBooks |